
Library Catalogue

| 000 -LEADER | |
|---|---|
| fixed length control field | 01259nam a2200229Ia 4500 |
| 003 - CONTROL NUMBER IDENTIFIER | |
| control field | OSt |
| 005 - DATE AND TIME OF LATEST TRANSACTION | |
| control field | 20200814162343.0 |
| 008 - FIXED-LENGTH DATA ELEMENTS--GENERAL INFORMATION | |
| fixed length control field | 160316s2009 xxu||||| |||| 00| 0 eng d |
| 020 ## - INTERNATIONAL STANDARD BOOK NUMBER | |
| International Standard Book Number | 9781845923471 |
| 040 ## - CATALOGING SOURCE | |
| Transcribing agency | NLS |
| 082 ## - DEWEY DECIMAL CLASSIFICATION NUMBER | |
| Classification number | 346.073000 |
| Item number | JAC |
| 100 ## - MAIN ENTRY--PERSONAL NAME | |
| Personal name | Jack Raymond |
| 245 ## - TITLE STATEMENT | |
| Title | Documentary credits : The law and practice of documentary credits including standby credits and demand guarantees |
| 250 ## - EDITION STATEMENT | |
| Edition statement | 4th |
| 260 ## - PUBLICATION, DISTRIBUTION, ETC. | |
| Place of publication, distribution, etc. | London |
| Name of publisher, distributor, etc. | Tottell Publishers |
| Date of publication, distribution, etc. | 2009 |
| 300 ## - PHYSICAL DESCRIPTION | |
| Extent | 556p |
| Dimensions | xxxix |
| 365 ## - TRADE PRICE | |
| Price amount | Rs. 19,708 |
| 505 ## - FORMATTED CONTENTS NOTE | |
| Formatted contents note | Description:'An extremely straight forward and no nonsense approach to Documentary Credits - This Book should be on every L/C professional's shelves' - Amazon Customer, Review of previous edition. This practical work offers a lucid and comprehensive account of the workings of documentary credits in the context of English law and under international banking practice as applied in England. Written from the perspective of banking practices as well as the law, the text fully considers the Uniform Customs and Practice for Documentary Credits 600, as well as a full review of the body of case law on the UCPDC 500. |
| 650 ## - SUBJECT ADDED ENTRY--TOPICAL TERM | |
| Topical term or geographic name entry element | 1. Documentary Credit - Law & Legislation - U K |
| 700 ## - ADDED ENTRY--PERSONAL NAME | |
| Personal name | |
| -- | |
| 942 ## - ADDED ENTRY ELEMENTS (KOHA) | |
| Source of classification or shelving scheme | Dewey Decimal Classification |
| Koha item type | BOOKs |
| Withdrawn status | Lost status | Damaged status | Not for loan | Home library | Current library | Shelving location | Date acquired | Cost, normal purchase price | Total Checkouts | Full call number | Barcode | Date last seen | Price effective from | Koha item type |
|---|---|---|---|---|---|---|---|---|---|---|---|---|---|---|
| . | . | Library Compactors | 30.05.2017 | 19708.00 | 346.073 JAC | 26020 | 30.05.2017 | 30.05.2017 | BOOKs |